Reglamento de Trabajo de régimen interior de la Imprenta-Escuela de la Casa Provincial de Caridad
Descripción Física:
69 p. ; 16 cm
MARC
| LEADER | 00000nam a2200000Ia 4500 | ||
|---|---|---|---|
| 001 | |||
| 008 | 160829s1970 xx 000 0 cat d | ||
| 080 | |a G-896, exp. 8 | ||
| 245 | |a Reglamento de Trabajo de régimen interior de la Imprenta-Escuela de la Casa Provincial de Caridad | ||
| 260 | |a Barcelona : |b Diputación Provincial, |c 1970 | ||
| 300 | |a 69 p. ; |c 16 cm | ||
| 590 | |a Fotocòpies de l'original | ||
| 610 | 2 | 0 | |a Casa de Caritat (Barcelona, Catalunya) |x Reglaments i procediment |9 54379 |
| 710 | |a Casa de Caritat (Barcelona, Catalunya) |9 52406 | ||
| 901 | |a Arxiu | ||
| 942 | |n 1 | ||
| 952 | |0 0 |1 0 |4 0 |6 G896_EXP_8 |7 1 |9 54379 |a Arxiu |b Arxiu |d 2016-12-01 |l 0 |o G-896, exp. 8 |r 2016-12-01 00:00:00 |w 2016-12-01 |y ARXIU | ||
| 999 | |c 58248 |d 58248 | ||